The managerial implications of microelectronics
Shranjeno v:
| Format: | Knjiga |
|---|---|
| Jezik: | Undetermined |
| Izdano: |
London
The Macmiland Press ltd
1981
|
| Teme: | |
| Oznake: |
Označite
Brez oznak, prvi označite!
|
| Thư viện lưu trữ: | Trung tâm Học liệu Trường Đại học Cần Thơ |
|---|
| LEADER | 00526nam a2200181Ia 4500 | ||
|---|---|---|---|
| 001 | CTU_97888 | ||
| 008 | 210402s9999 xx 000 0 und d | ||
| 082 | |a 670.4272 | ||
| 082 | |b M266 | ||
| 245 | 4 | |a The managerial implications of microelectronics | |
| 245 | 0 | |c Edited by Brian C. Twiss | |
| 260 | |a London | ||
| 260 | |b The Macmiland Press ltd | ||
| 260 | |c 1981 | ||
| 650 | |a Technological innovation,Microelectronics | ||
| 650 | |x Management | ||
| 904 | |i Năm | ||
| 980 | |a Trung tâm Học liệu Trường Đại học Cần Thơ | ||